The philosophy of the Tamil Siddhas / (Record no. 19541)

MARC details
000 -LEADER
fixed length control field 01016nam a2200313 a 4500
001 - CONTROL NUMBER
control field 1121367
003 - CONTROL NUMBER IDENTIFIER
control field BDDh-ASL
005 - DATE AND TIME OF LATEST TRANSACTION
control field 20231015025804.0
008 - FIXED-LENGTH DATA ELEMENTS--GENERAL INFORMATION
fixed length control field 940128s1993 ii b f001 0 eng
010 ## - LIBRARY OF CONGRESS CONTROL NUMBER
LC control number 93908015
020 ## - INTERNATIONAL STANDARD BOOK NUMBER
International Standard Book Number 8185636036 :
Terms of availability Rs140.00
025 ## - OVERSEAS ACQUISITION NUMBER
Overseas acquisition number I-E-72478
040 ## - CATALOGING SOURCE
Original cataloging agency DLC
Transcribing agency DLC
Modifying agency BDDh-ASL
042 ## - AUTHENTICATION CODE
Authentication code lcode
043 ## - GEOGRAPHIC AREA CODE
Geographic area code a-ii---
050 00 - LIBRARY OF CONGRESS CALL NUMBER
Classification number BL1241.56
Item number .G36 1993
082 00 - DEWEY DECIMAL CLASSIFICATION NUMBER
Classification number 294.55
Edition number 20
Item number GAP
100 1# - MAIN ENTRY--PERSONAL NAME
Personal name Ganapathy, T. N.
245 14 - TITLE STATEMENT
Title The philosophy of the Tamil Siddhas /
Statement of responsibility, etc. T.N. Ganapathy.
260 ## - PUBLICATION, DISTRIBUTION, ETC.
Place of publication, distribution, etc. New Delhi :
Name of publisher, distributor, etc. Indian Council of Philosophical Research :
-- Distributed by Affiliated East West Press,
Date of publication, distribution, etc. 1993.
300 ## - PHYSICAL DESCRIPTION
Extent xiii, 233 p. ;
Dimensions 22 cm.
504 ## - BIBLIOGRAPHY, ETC. NOTE
Bibliography, etc. note Includes bibliographical references (p. [207]-220) and index.
650 #0 - SUBJECT ADDED ENTRY--TOPICAL TERM
Topical term or geographic name entry element Tamil Siddhas.
650 #0 - SUBJECT ADDED ENTRY--TOPICAL TERM
Topical term or geographic name entry element Philosophy, Indic.
710 2# - ADDED ENTRY--CORPORATE NAME
Corporate name or jurisdiction name as entry element Indian Council of Philosophical Research.
906 ## - LOCAL DATA ELEMENT F, LDF (RLIN)
a 7
b cbc
c origode
d 2
e ncip
f 19
g y-gencatlg
942 ## - ADDED ENTRY ELEMENTS (KOHA)
Source of classification or shelving scheme Dewey Decimal Classification
Koha item type Books
Holdings
Withdrawn status Lost status Source of classification or shelving scheme Damaged status Not for loan Collection code Home library Current library Shelving location Date acquired Source of acquisition Total Checkouts Full call number Barcode Date last seen Copy number Price effective from Koha item type Public note
    Dewey Decimal Classification   Not For Loan Non-fiction Asiatic Society Library Asiatic Society Library Ludden Collection 12/08/2020 Donated by Prof. David Ludden   294.55 GAP 102887 12/08/2020 C-1 12/08/2020 Books RARE

Powered by Koha